Burocracia y sociedad industrial / (Record no. 108972)

MARC details
000 -LEADER
campo de control de longitud fija 01277nam a2200253 4500
001 - NÚMERO DE CONTROL
campo de control 108972
003 - IDENTIFICADOR DE NÚMERO DE CONTROL
campo de control ES-MaACL
005 - FECHA Y HORA DE LA ÚLTIMA TRANSACCIÓN
campo de control 20250910212613.0
007 - CAMPO FIJO DE DESCRIPCIÓN FÍSICA--INFORMACIÓN GENERAL
campo de control de longitud fija t|
008 - DATOS DE LONGITUD FIJA--INFORMACIÓN GENERAL
campo de control de longitud fija 061121s1972 sp r ||||1| spa d
100 1# - ENTRADA PRINCIPAL--NOMBRE DE PERSONA
Nombre de persona Moya, Carlos.
9 (RLIN) 184026
245 10 - MENCIÓN DEL TÍTULO
Título Burocracia y sociedad industrial /
Mención de responsabilidad, etc. Carlos Moya.
260 ## - PUBLICACIÓN, DISTRIBUCIÓN, ETC.
Lugar de publicación, distribución, etc. Madrid :
Nombre del editor, distribuidor, etc. Cuadernos para el Diálogo,
Fecha de publicación, distribución, etc. 1972.
300 ## - DESCRIPCIÓN FÍSICA
Extensión 280 p. ;
Dimensiones 21 cm.
490 1# - MENCIÓN DE SERIE
Mención de serie Colección I.T.S. [Instituto de Técnicas Sociales]
504 ## - NOTA DE BIBLIOGRAFÍA, ETC.
Nota de bibliografía, etc. Bibliografía: p. 275-279.
505 8# - NOTA DE CONTENIDO CON FORMATO
Nota de contenido con formato Contiene: Modelos de burocracia: Max Weber y la burocracia racional ; Teoría y práctica de la burocracia: la teoría norteamericana de la organización ; El proceso de racionalización burocrática en España ; Problemas de la racionalización de la Administración Pública en España ; Las élites de la economía española y su burocratización ; Razón y racionalización burocrática (los supuestos teóricos de la sociología de Max Weber) ; Burocracia y sociedad industrial
650 #4 - PUNTO DE ACCESO ADICIONAL DE MATERIA--TÉRMINO DE MATERIA
Término de materia o nombre geográfico como elemento de entrada Burocracia.
9 (RLIN) 10646
650 #4 - PUNTO DE ACCESO ADICIONAL DE MATERIA--TÉRMINO DE MATERIA
Término de materia o nombre geográfico como elemento de entrada Burocracia-
Subdivisión geográfica España.
9 (RLIN) 153179
710 2# - ENTRADA AGREGADA--NOMBRE DE ENTIDAD CORPORATIVA
Nombre de entidad corporativa o nombre de jurisdicción como elemento de entrada Cuadernos para el Diálogo.
9 (RLIN) 3333
830 1# - PUNTO DE ACCESO ADICIONAL DE SERIE-TÍTULO UNIFORME
Título uniforme Colección I.T.S. [Instituto de Técnicas Sociales]
9 (RLIN) 179830
852 ## - LOCALIZACIÓN
Ubicación ES-MaACL
Número de control de estantería C-48301
Holdings
Estatus retirado Estado de pérdida Estado de daño No para préstamo Biblioteca de origen Biblioteca actual Ubicación en estantería Fecha de adquisición Fuente de adquisición Total de préstamos Signatura topográfica completa Código de barras Visto por última vez Precio de reemplazo Tipo de ítem Koha
        Biblioteca del Ateneo de Madrid Biblioteca del Ateneo de Madrid Depósito 2 17/01/2008     C-48301 1113706 23/02/2023 23/02/2023 Libro impreso